000 00857nam a2200253Ia 4500
003 OSt
005 20220923214652.0
006 a|||||r|||| 00| 0
007 ta
008 220922b |||||||| |||| 00| 0 hin d
024 _a171,540
037 _cTextual
040 _aARTS
_cARTS
_bhin
041 _2hin
_ahin
082 _aO152,1NJYx, K4
100 _aज्वाला प्रसाद, ज्यातिषी
245 0 _aपाषाण के आंसू
246 _aPāṣhāṇ ke āansū
260 _aसागर
_b विन्ध्यकेसरी प्रकाशन
_c1964
300 _a49पृ.
_ccm.
650 _aहिन्दी साहित्य
_9156264
942 _hO152,1NJYx, K4
_cTEXL
_2CC
999 _c325694
_d325694